000 00172nam a22000857a 4500
082 _a621.37434303BOU
100 _aBourns
245 _aThe pointiometer handbook
942 _cBK
999 _c15223
_d15223